00846nam a2200217Ia 4500003000900000008004100009020001800050040001600068080002200084111009100106245021000197260005800407300001400465490003400479650001300513650002500526650001500551650001900566700002200585700002100607IN-BaIIA211028s9999 xx 000 0 eng d a1-58381-096-X cIIA Library a082.2:52bASP-256 aWorkshop on Observational Aspects of Pulsating B and A starscBelgiumd2001 July 24-25 0aObservational aspects of pulsating B and A starsbproceedings of a workshop held in Brussels, Belgium, 24-25 Jul 2001cedited by C. Sterken and Kurtz, D. W.  aCaliforniabAstronomical Society of the Pacificc2002 axx, 303p. aASP conference series; v. 256 aBe Stars aDelta Scuti Variable aPhotometry aVariable stars aKurtz, D. W., ed. aSterken, C., ed.